000
00307nam a2200109Ia 4500
008
200302s9999 xx 000 0 und d
100
_a
Dominique Gauzin-Muller
245
_a
Sustainable Living 25 International Expmples
260
_b
Birkhauser-Publishers for Architecture
260
_c
2006
300
_a
159 P.,
999
_c
5731
_d
5731